00340 2200145 4500001002100000005001500021035002000036245004400056100002300100300000800123260002900131082000800160084001400168990001200182INLIS00000000000216820250527120552 a0010-05250004601 ahikayat Batu-Batu /cTaufik Ikram Jamil0 aTaufik Ikram Jamil a208 aJakarta :bKompas,c2004 a813 a813 TAU h a0712512